000 00417cam a2200181 4500
001 D12984
008 090401t1914 xxu||||| |||| 00| 0 eng d
035 _a(Sirsi) u7008
041 _aeng
100 _aHolloway, Thomas
245 _aLevelling and its general application
250 _a3rd
260 _aLondon
_bE and FN Spon
_c1914
350 _a0
520 _aShelf 182
942 _n0
948 _c04/03/1997
999 _c86378
_d86378